000 01353nam a2200217Ia 4500
999 _c38152
_d38152
001 4142
003 GE_BSU
005 20190918115232.0
008 181216s1986||||ge |||||||||||||| ||geo||
040 _cGE_BSU
041 _ageo
080 _a39(479.22)+371.4 კ-24
100 _aკაპანაძე, ნ.
_94077
245 _aბავშვის აღზრდის ქართული ხალხური წეს–ჩვეულებანი /
_c საქ. სსრ მეცნ. აკადემია. სოც. და კულტ. ტრადიციათა პრობლემების სამეცნ. საკოორდინაციო ცენტრი.
264 _a თბ. :
_bმეცნიერება,
_c1986.
300 _a56 გვ.;
_b21 სმ.
490 _aტრადიცია და თანამედროვეობა ;
_v N16
653 _a ბავშვის აღზრდის ხალხური წეს-ჩვეულებები საქართველოში
710 _aსაქ. სსრ მეცნ. აკადემია. სოც. და კულტ. ტრადიციათა პრობლემების სამეცნ. საკოორდინაციო ცენტრი.
_94078
942 _cBK
_2udc